00365nam a2200157Ia 4500008004000000041000800040082001200048100001600060245003100076260005300107650001200160650001000172650000900182650000800191650000800199210210b1928 xxu||||| |||| 00| 0 eng d aeng a580/319 aWEISS (F E) aPlant life and its romance aLondonbLongmans Green and Company Limitedc1928 aromance aPlant alife aits aand